Business Communication (Record no. 367818)

MARC details
000 -LEADER
fixed length control field 00582nam a2200205 4500
005 - DATE AND TIME OF LATEST TRANSACTION
control field 20260225134457.0
008 - FIXED-LENGTH DATA ELEMENTS--GENERAL INFORMATION
fixed length control field 250917b |||||||| |||| 00| 0 eng d
020 ## - INTERNATIONAL STANDARD BOOK NUMBER
International Standard Book Number 9789350971413
041 ## - LANGUAGE CODE
Language code of text/sound track or separate title English
082 ## - DEWEY DECIMAL CLASSIFICATION NUMBER
Classification number 372.6
Item number RAI
100 ## - MAIN ENTRY--PERSONAL NAME
Author Rai Urmila
245 ## - TITLE STATEMENT
Title Business Communication
260 ## - PUBLICATION, DISTRIBUTION, ETC.
Place of publication, distribution, etc. Mumbai
Name of publisher, distributor, etc. Himalaya Publishing House
Date of publication, distribution, etc. 2023
300 ## - PHYSICAL DESCRIPTION
Extent 426
365 ## - TRADE PRICE
Price amount 403.75
Currency code Rs.00
520 ## - SUMMARY, ETC.
Summary, etc. Part I Communication Theory<br/>Part II Oral Communication<br/>Part III Written Communication<br/>
650 ## - SUBJECT ADDED ENTRY--TOPICAL TERM
Topical term or geographic name entry element English Communication
700 ## - ADDED ENTRY--PERSONAL NAME
Personal name Rai S. M.
942 ## - ADDED ENTRY ELEMENTS (KOHA)
Koha item type Books
Holdings
Withdrawn status Lost status Source of classification or shelving scheme Damaged status Not for loan Home library Current library Date acquired Vendor Net Price Bill number Total Checkouts Full call number Barcode Date last seen Date last checked out Discount Actual Price Bill Date Koha item type
    Dewey Decimal Classification     School of Fashion Technology School of Fashion Technology 12/09/2025 Pragati Book Centre 403.75 19775 3 372.6 RAI SOFT-BK-4612 10/03/2026 25/02/2026 15% 475.00 12/09/2025 Books
    Dewey Decimal Classification     School of Fashion Technology School of Fashion Technology 25/02/2026 Pragati Book Centre 427.50 75719   372.6 RAI SOFT-BK-4986 25/02/2026   10% 475.00 24/02/2026 Books
    Dewey Decimal Classification     School of Fashion Technology School of Fashion Technology 25/02/2026 Pragati Book Centre 427.50 75719   372.6 RAI SOFT-BK-4987 25/02/2026   10% 475.00 24/02/2026 Books
    Dewey Decimal Classification     School of Fashion Technology School of Fashion Technology 25/02/2026 Pragati Book Centre 538.20 75719   372.6 RAI SOFT-BK-4988 25/02/2026   10% 598.00 24/02/2026 Books
    Dewey Decimal Classification     School of Fashion Technology School of Fashion Technology 25/02/2026 Pragati Book Centre 538.20 75719   372.6 RAI SOFT-BK-4989 25/02/2026   10% 598.00 24/02/2026 Books